<?xml version="1.0" encoding="UTF-8"?>
<record
    xmlns:xsi="http://www.w3.org/2001/XMLSchema-instance"
    xsi:schemaLocation="http://www.loc.gov/MARC21/slim http://www.loc.gov/standards/marcxml/schema/MARC21slim.xsd"
    xmlns="http://www.loc.gov/MARC21/slim">

  <leader>00593nam a2200133Ia 4500</leader>
  <controlfield tag="008">171207s9999    xx            000 0 und d</controlfield>
  <datafield tag="100" ind1=" " ind2=" ">
    <subfield code="a">Martinez-Fernandez, Silverio</subfield>
  </datafield>
  <datafield tag="245" ind1=" " ind2=" ">
    <subfield code="a">Benefits and drawbacks of software reference architectures: A case study</subfield>
  </datafield>
  <datafield tag="245" ind1=" " ind2=" ">
    <subfield code="c">Silverio Mart&#xED;nez-Fern&#xE1;ndez, Claudia P. Ayala, Xavier Franch, Helena Martins Marques</subfield>
  </datafield>
  <datafield tag="260" ind1=" " ind2=" ">
    <subfield code="c">2017</subfield>
  </datafield>
  <datafield tag="300" ind1=" " ind2=" ">
    <subfield code="a">pages 37-52, August 2017</subfield>
  </datafield>
  <datafield tag="440" ind1=" " ind2=" ">
    <subfield code="a">Information and Software Technology</subfield>
    <subfield code="v">88:</subfield>
  </datafield>
  <datafield tag="650" ind1=" " ind2=" ">
    <subfield code="a">Software architecture; Reference architecture; Empirical software engineering; Case study; Benefits; Drawbacks</subfield>
  </datafield>
  <datafield tag="999" ind1=" " ind2=" ">
    <subfield code="c">347519</subfield>
    <subfield code="d">347519</subfield>
  </datafield>
  <datafield tag="952" ind1=" " ind2=" ">
    <subfield code="0">0</subfield>
    <subfield code="1">0</subfield>
    <subfield code="4">0</subfield>
    <subfield code="a">CL</subfield>
    <subfield code="b">CL</subfield>
    <subfield code="d">2017-12-07</subfield>
    <subfield code="l">0</subfield>
    <subfield code="r">2017-12-07 00:00:00</subfield>
    <subfield code="w">2017-12-07</subfield>
    <subfield code="y">SE</subfield>
  </datafield>
</record>
